000 00886nam a2200241Ia 4500
005 20170802141119.0
010 _aBAC-CH25
020 _a9780143331964
_c125.00
035 _aB-555150.185
035 _aG-003644
035 _aB-667187
037 _bAakar/Ven
_adpl
037 _bReceived from DB Act Children Book
082 _aS
100 _aPattanaik, Devdutt
245 _aFan in Devlok: Saraswati's Secret River /
_cBy Devdutt Pattanaik
260 _aNew delhi
_bPuffin Books
_c2014
270 _a7th Floor, Infinity Tower C, DLF Cyber City
_bGurgaon
_e122002
300 _a50p.:
_bill
_c20cm(pbk)
942 _cCH
_2ddc
_mPAT
_hS
999 _c85625
_d85625